Visualizzazione normale
Vista MARC
- Schreiber Gerhard
di Personal Name
Records bibliografici associati: 1
001 - CONTROL NUMBER
- control field: 57973
003 - CONTROL NUMBER IDENTIFIER
- control field:
005 - DATE AND TIME OF LATEST TRANSACTION
- control field: 20190715153401.0
008 - FIXED-LENGTH DATA ELEMENTS
- fixed length control field: 190715|| aca||aabn | a|a d
040 ## - CATALOGING SOURCE
- Original cataloging agency:
- Transcribing agency:
100 ## - HEADING--PERSONAL NAME
- Personal name: Schreiber Gerhard
670 ## - SOURCE DATA FOUND
- Source citation: Work cat.: (): Schreiber Gerhard, Jenseits der geschlechterbinaritaet: Transsexualitaet, Theologie und Kirche, 2017